LEADER 01056nam0 2200289 450 001 000038299 005 20140904135548.0 010 $a0-19-281706-X 100 $a20140903d1985----km-y0itaa50------ba 101 0 $aeng 102 $aGB 200 1 $aUnder the Greenwood Tree$fThomas Hardy$gedited with an Introduction by Simon Gatrell 210 $aOxford ; New York$cOxford University Press$d1985 215 $aXXXIII, 218 p.$d19 cm 225 2 $a<> World's classics 410 0$12001$a<> World's classics 676 $a823.8$v(22. ed.)$9Narrativa inglese. Periodo vittoriano, 1837-1899 700 1$aHardy,$bThomas$0142510 702 1$aGatrell,$bSimon 801 0$aIT$bUniversità della Basilicata - B.I.A.$gREICAT$2unimarc 912 $a000038299 996 $aUnder the Greenwood Tree$999898 997 $aUNIBAS BAS $aLETTERE CAT $aEXT016$b01$c20140904$lBAS01$h1355 FMT Z30 -1$lBAS01$LBAS01$mBOOK$1BASA1$APolo Storico-Umanistico$2DSLF$BCollezione DiSLF$3DF/E1395$63209$5F3209$820140904$f04$FPrestabile Didattica LEADER 01387oas 2200517 a 450 001 9910693701003321 005 20180706120113.0 035 $a(CKB)3390000000046721 035 9 $aocm48970470 035 $a(OCoLC)48970470$z(OCoLC)58923688 035 $a(EXLCZ)993390000000046721 100 $a20020211b19uu2013 sa 101 0 $aeng 135 $auranu|||||||| 181 $ctxt$2rdacontent 182 $cc$2rdamedia 183 $acr$2rdacarrier 200 10$aFY ... annual performance plan 210 $aWashington, DC $cU.S. Dept. of Housing and Urban Development 215 $a1 online resource (volumes) 517 1 $aFiscal year ... annual performance plan 606 $aHousing policy$zUnited States$vPeriodicals 606 $aAuditing$2fast 606 $aHousing policy$2fast 606 $aPlanning$2fast 607 $aUnited States$2fast 608 $aPeriodicals.$2fast 608 $aPeriodicals.$2lcgft 615 0$aHousing policy 615 7$aAuditing. 615 7$aHousing policy. 615 7$aPlanning. 801 0$bGPO 801 1$bGPO 801 2$bOCLCQ 801 2$bOCLCO 801 2$bOCLCA 801 2$bOCLCF 801 2$bOCLCO 801 2$bOCLCQ 801 2$bGILDS 801 2$bGPO 906 $aJOURNAL 912 $a9910693701003321 996 $aFY ... annual performance plan$93102171 997 $aUNINA